| 000 | 00837nac a22003250a 4500 | ||
|---|---|---|---|
| 001 | PT35063 | ||
| 003 | AR-LpoUNG | ||
| 005 | 20210201005336.0 | ||
| 008 | 201001s1988||||xxu|||||||||||||||||eng d | ||
| 020 |
_a0582907306 _c$91 |
||
| 040 |
_aAR-LpoUNG _bspa _eaacr |
||
| 041 | _aeng | ||
| 044 | _axxu | ||
| 082 | 0 | _a428 287v3 | |
| 100 | 1 | _aHarmer, Jeremy | |
| 245 | 1 | 0 |
_aCoast to coast : _bstudent's book |
| 250 | _a1ra. ed. | ||
| 260 |
_aNew York : _bLongman, _c1988. |
||
| 300 |
_a95 p. : _bil., tbls. _3Impreso |
||
| 490 | 0 | _aCoast to coast : student's book | |
| 650 | 4 | _aAPRENDIZAJE | |
| 650 | 4 | _aCOMUNICACION | |
| 650 | 4 | _aENSEĆANZA DE IDIOMAS | |
| 650 | 4 | _aGRAMATICA | |
| 650 | 4 | _aLENGUA INGLESA | |
| 651 | 4 | _aDOCUMENTOS TEORICOS O METODOLOGICOS | |
| 700 | 1 | _aSurguine, Harold | |
| 905 | _a35063 | ||
| 942 | _cLIB | ||
| 999 |
_c49208 _d49208 |
||